000 00718nam a2200217 a 4500
001 000005318
005 20200929151637.0
008 090819s2002 es 001 0 spa d
020 _a8400080602
040 _aDO-SdBNP
_bspa
_cBNPHU
082 _axxxx
_bM385n
100 1 _aMartínez Montalbán, José Luis
_915088
245 1 3 _aLa novela semanal cinematrográfica /
_cJosé Luis Martínez Montalbán.
260 _aMadrid :
_bConsejo Superior de Investigaciones Científicas,
_c2002.
300 _a508 p. ;
_c22 cm.
490 1 _aLiteratura breve
_v9
500 _aIncluye tabla de contenido
700 1 _aSánchez Álvarez-Insúa, Alberto,
_epról.
_915089
830 0 _aLiteratura breve
_n9
_915090
049 _aBNPD
999 _c5119
_d5119